Представление документа в формате MARC21

Поле Инд. ПП Название Значение
Тип записи a
Библиографический уровень m
001 Контрольный номер RU/IS/BASE/253197446
005 Дата корректировки 20220805121049.7
040 b Код языка каталог. rus
041 a Код языка текста rus
080 a Индекс УДК 004.42
084 a Индекс другой классификации/Индекс ББК 32.973.26-018.2
090 a Полочн. индекс 681.3
c Каталожный индекс 681.3.06
x Авторский знак Г 52
097 b Оператор 11
100 a Автор Гласс Р.
245 a Заглавие Сопровождение программного обеспечения
c Ответственность пер. с англ. Г. Л. Вышковского ; под ред. Ю. А. Чернышева
260 a Место издания М.
b Издательство Мир
c Дата издания 1983
300 a Объем 158 с.
b Иллюстрации/ тип воспроизводства ил.
510 a Примечание о ссылках Книги и методические пособия
650 a Основная рубрика 50.41 Программное обеспечение вычислительных машин, комплексов и сетей
x Основная подрубрика 50.41.23 Программное обеспечение вычислительных сетей
653 a Ключевые слова программирование; программное обеспечение; цифровые вычислительные машины; математическое обеспечение ЦВМ
700 a Другие авторы Нуазо Р.
901 t Тип документа m